'ORC' Words Quiz Stats

Quiz Updated Feb 4, 2013

Also try: The Power Quiz
Challenge
Share
Tweet
Embed
Score 0/22 Timer 06:00
1 Play Today
Clue Word % Correct
The end of an unhappy marriageDivorce
90%
Killer whaleOrca
88.3%
To burn the surfaceScorch
86.5%
Word that completes London Symphony and Electric Light Orchestra
84.9%
Sitting area at the front of a house; verandahPorch
81.8%
There are over 20,000 species of this popular flowering plantOrchid
80.3%
Harley Davidson productMotorcycle
79.7%
Fruit tree plantationOrchard
78.8%
Mentally Stimulating DiversionsSporcle
69.4%
William Friedkin's wildly successful 1973 movie about satanic possessionThe Exorcist
63.2%
Allied 1942 invasion of North Africa was named for a British flashlight?Torch
60.4%
Clue Word % Correct
Pig-likePorcine
59.1%
This animal's name comes from the French for 'spined pig'Porcupine
57.3%
Lea and Perrins first marketed this liquid condiment in 1837Worcestershire Sauce
54.7%
Largest Spanish islandMajorca
46.5%
Surgical implement used for graspingForceps
45.1%
Harry Potter was one, as was Nagini and Tom Riddle's diaryHorcrux
44.6%
A wizard, or William Friedkin's wildly unsuccessful 1977 movieSorcerer
44.5%
Behaviour modification which may be
Positive or Negative
Reinforcement
37.8%
Dirty Harry movie or an ice hockey 'goon'(The) Enforcer
33%
Procession of vehiclesMotorcade
30.6%
One of the uses for this ceramic is the insulation of high voltage applicationsPorcelain
30.5%

You're not logged in!

Compare scores with friends on all Sporcle quizzes.
Join for Free
OR
Log In

You Might Also Like...

Show Comments

Extras

Top Quizzes Today


Score Distribution

Your Account Isn't Verified!

In order to create a playlist on Sporcle, you need to verify the email address you used during registration. Go to your Sporcle Settings to finish the process.

Report this User

Report this user for behavior that violates our Community Guidelines.

Details: